00591nam a2200205 a 450000100060000000300090000600800410001502000150005604000280007108200180009910000210011724500730013826000270021130000070023849000260024550500460027165000210031765000200033865000270035821271CO-ViMGA141112s2004 ck r 000 u spa d a9681836820 aCO-ViMGAbspacCO-ViMGA04a371.302 Q837e1 aQuesada, Rocío10aEjercicios para preparar informes escritos : bGuía del estudiante aMexico; Limusa, c1995 a39 aGuía del estudiante aPasos para elaborar informes escritos 8 14aARTE DE ESCRIBIR14aINFORMES - GUIA14aMETODOS DE ENSEÑANZA